Indonesia Country Quiz - True or False - Statistics

General Stats
  • This quiz has been taken 471 times
  • The average score is 11 of 15
Answer Stats
Question Answer % Correct
Beef rendang is one of the most popular Indonesian dishes True
100%
Indonesia is the largest country in Southeast Asia True
98%
Indonesia will move its capital to Bali in 2030 False
92%
Soekarno was the first Indonesian president after Indonesia declared independence True
86%
The longest river in Indonesia is the Kapuas river True
85%
Indonesia's national anthem is called "Majulah Indonesia" False
83%
Barack Obama lived in Indonesia from the age of 6 to 10 True
81%
The island of Java has a larger population than the entire country of Russia True
80%
The Sumatran tiger is the national emblem False
76%
Indonesia shares a land border with Brunei False
76%
There are 38 provinces in Indonesia True
75%
Papua New Guinea was a part of Indonesia until 2010 False
66%
Indonesia was invited by Malaysia and Singapore to join ASEAN on 1990 False
49%
Out of all the provinces, nine of those hold a special status. True
36%
Regencies/Cities is the third highest subdivision in Indonesia False
25%
No matching quizzes found
Score Distribution
Percent of People with Each Score
Percentile by Number Answered
Your Score History
You have not taken this quiz